000 00755nam a2200217Ii 4500
003 JO-AjNU
008 230605s9999||||xx |||||||||||||| ||und||
017 _a2018/7/3133
020 _a978-9957-955-79-3
040 _aJO-AjNU
_bara
_erda
_cJO-AjNU
041 _aara
100 3 _aجميل، رافي نزار,
_eauthor
_961586
245 0 0 _aالمحاسبة القضائية وصلتها بالجرائم المالية
250 _aط1
264 3 1 _aعمان: دار الايام للنشر والتوزيع، 2019
300 _a148ص
336 _atext
_btxt
_2rdacontent
337 _aunmediated
_bn
_2rdamedia
338 _avolume
_bnc
_2rdacarrier
650 4 _aالمحاسبة المالية-القضاء-الجرائم المالية
_961587
999 _aA27845
_c31413
_d31413